| 000 | 00586nam a2200205 i 4500 | ||
|---|---|---|---|
| 001 | 91017 | ||
| 003 | ES-MaACL | ||
| 005 | 20250911062647.0 | ||
| 007 | t| | ||
| 008 | 050126s1958 sp |||| | spa d | ||
| 100 | 1 |
_aLera, Ángel María de, _d1912-1984 _971742 |
|
| 245 | 1 | 4 |
_aLos clarines del miedo / _cAngel Mª de Lera. |
| 250 | _a1ª ed. | ||
| 260 |
_aBarcelona : _bDestino, _c1958 ( _fAgustín Núñez) |
||
| 300 |
_a245 p. ; _c19 cm. |
||
| 490 | 1 |
_aAncora y delfín ; _v143 |
|
| 830 | 0 | 0 |
_aÁncora y Delfín _v143 _9151298 |
| 852 |
_aES-MaACL _jC-14812 |
||
| 999 |
_c91017 _d91017 |
||